Nezameniteľné tokeny a ich využitie bakalárska práca

Na minha lista:
Detalhes bibliográficos
Autor principal: Stanek, Lukáš, 2001-
Autor Corporativo: Národohospodárska fakulta EU. Katedra bankovníctva a medzinárodných financií
Outros Autores: Dedinský, Juraj, 1996-
Formato: Livro
Idioma:eslovaco
Publicado em: Bratislava 2023
Tags: Adicionar Tag
Sem tags, seja o primeiro a adicionar uma tag!

MARC

LEADER 00000nbm a2200000 4500
001 0294483
005 20231025101640.8
041 0 |a slo 
044 |a SK 
245 1 0 |a Nezameniteľné tokeny a ich využitie  |b bakalárska práca  |c Lukáš Stanek ; školiteľ: Juraj Dedinský 
264 1 |a Bratislava  |c 2023 
300 |a 47 s. 
100 1 |a Stanek, Lukáš, 2001- 
700 1 |a Dedinský, Juraj, 1996- 
710 2 |a Národohospodárska fakulta EU. Katedra bankovníctva a medzinárodných financií